000 01042cam a22003257a 4500
003 CHAP
005 20220329143608.0
008 100812s2009 mx r 00010 spa d
010 _a99056
011 _a100028
020 _a9789701068878
035 _a110714
040 _cCHAP
082 0 4 _a519.5
_bS65 2009
100 0 0 _aSpiegel, Murray R.
_9109217
245 1 0 _aEstadística
_c/por Murray R. Spiegel y Larry J. Stephens
250 _a4 ed.
260 _aMéxico, D.F. :
_bMcGraw-Hill,
_cc2009
300 _axxi, 577 p. :
_bcuadros, gráfs.
534 _pTit. original :
_tTheory and problems of statistics
_c2008
_b4 ed.
590 _aBATCH-UPD
_b10
_c20130110
_lUCH01
_h1826
590 _aBATCH-UPD
_b10
_c20130410
_lUCH01
_h1159
590 _aBATCH-UPD
_b10
_c20130914
_lUCH01
_h1325
590 _aCONVERSION
_b10
_c20130109
_lUCH01
_h1355
650 1 4 _aEstadística.
_938241
700 0 _aStephens, Larry J.
_9109670
901 _aBK
942 _cLIBRO
949 _a519.5 S65 2009
_bBC
_cLIBRO
_d33724002209157
_eLIBRO
_h113180
_i110714
_so
999 _c99056
_d99056